Terrorism and the Olympics : (Record no. 14677)

000 -LEADER
fixed length control field 01023cam a22002894a 4500
001 - CONTROL NUMBER
control field 16289241
003 - CONTROL NUMBER IDENTIFIER
control field OSt
005 - DATE AND TIME OF LATEST TRANSACTION
control field 20170105102902.0
008 - FIXED-LENGTH DATA ELEMENTS--GENERAL INFORMATION
fixed length control field 100617s2011 enka b 001 0 eng
010 ## - LIBRARY OF CONGRESS CONTROL NUMBER
LC control number 2010024492
020 ## - INTERNATIONAL STANDARD BOOK NUMBER
International Standard Book Number 9780415499392 (hardcover)
040 ## - CATALOGING SOURCE
Original cataloging agency DLC
Transcribing agency DLC
Modifying agency DLC
050 00 - LIBRARY OF CONGRESS CALL NUMBER
Classification number GV721.5
Item number .T475 2011
082 00 - DEWEY DECIMAL CLASSIFICATION NUMBER
Classification number 796.48
Edition number 22
Author Mark TER 2011
245 00 - TITLE STATEMENT
Title Terrorism and the Olympics :
Remainder of title major event security and lessons for the future /
Statement of responsibility, etc. edited by Anthony Richards, Peter Fussey and Andrew Silke.
260 ## - PUBLICATION, DISTRIBUTION, ETC.
Place of publication, distribution, etc. London ;
-- New York :
Name of publisher, distributor, etc. Routledge,
Date of publication, distribution, etc. 2011.
300 ## - PHYSICAL DESCRIPTION
Extent xii, 252 p. :
Other physical details ill. ;
Dimensions 24 cm.
650 #0 - SUBJECT ADDED ENTRY--TOPICAL TERM
Topical term or geographic name entry element Olympics
General subdivision Security measures.
650 #0 - SUBJECT ADDED ENTRY--TOPICAL TERM
Topical term or geographic name entry element Olympics
General subdivision Security measures
-- Planning.
650 #0 - SUBJECT ADDED ENTRY--TOPICAL TERM
Topical term or geographic name entry element Terrorism
General subdivision Prevention.
700 1# - ADDED ENTRY--PERSONAL NAME
Personal name Richards, Anthony.
700 1# - ADDED ENTRY--PERSONAL NAME
Personal name Fussey, Peter.
700 1# - ADDED ENTRY--PERSONAL NAME
Personal name Silke, Andrew.
906 ## - LOCAL DATA ELEMENT F, LDF (RLIN)
a 7
b cbc
c orignew
d 1
e ecip
f 20
g y-gencatlg
942 ## - ADDED ENTRY ELEMENTS (KOHA)
Source of classification or shelving scheme
Koha item type Book
Holdings
Withdrawn status Lost status Damaged status Not for loan Collection code Permanent Location Current Location Shelving location Date acquired Total Checkouts Full call number Barcode Date last seen Price effective from Koha item type
          Centre for International Peace & Stability (CIPS) Centre for International Peace & Stability (CIPS) General Stacks 09/16/2013   796.48 TER 2011 CIPS0001087 10/11/2013 10/11/2013 Book
© 2023 Central Library, National University of Sciences and Technology. All Rights Reserved.